000 00619nam a22001937a 4500
005 20241203161639.0
010 _aENG-142790
020 _a9789355326515
_c495.00
035 _aEN-126322
037 _bDBAD
082 _a004.16
_21
100 _aSantanu Chattopadhyay
_974614
245 _aMicroprocessors & Microcontrollers/
_cBy Santanu Chattopadhyay
250 _a1
260 _aChennai
_bMc Graw Hill Education (India)
_c2022,2024
270 _aAnjana Complex No: 5/90 A, Butt Road, St Thomas Mount
_bChennai
_e600116
300 _axxii,362p.
_c25cm(hb)
942 _2ddc
_cEN
_h004.16
_mCHA
_e1
999 _c207378
_d207378